000 00473nam a2200181Ia 4500
005 20250508151337.0
008 008 250505s9999 xx 000 0 eng d
037 _aTextual
040 _aFEDL
_beng
_cFEDL
041 _aeng
_2eng
084 _a504, THO
_qFEDL
100 _aThompson Denys
245 0 _aScience in perspective
260 _aLondon, UK
_bJohn Murray
_c1953
300 _axiv,162p.
942 _cTEXL
_h504, THO
999 _c1329186
_d1329186